Southville International School and Colleges
Your cart is empty.
  • Cart
  • Lists
    Public lists Eva Luna New books Lux_list list_1
    Your lists Log in to create your own lists
  • Log in to your account
  • Your cookies
  • Search history
Southville International School and Colleges
  • Advanced search
  • Recent comments
  • Most popular
  • Libraries

Log in to your account

Log in with GOOGLE


If you do not have an external account, but do have a local account, you can still log in:

  1. Home
  2. MARC view: How to Study Mathematics
Normal view MARC view ISBD view

How to Study Mathematics (Record no. 16688)

[ view plain ]
MARC details
000 -LEADER
fixed length control field 01179cam a2200337 a 4500
001 - CONTROL NUMBER
control field 3980437
003 - CONTROL NUMBER IDENTIFIER
control field OSt
005 - DATE AND TIME OF LATEST TRANSACTION
control field 20140310182833.0
008 - FIXED-LENGTH DATA ELEMENTS--GENERAL INFORMATION
fixed length control field 950825s1997 nyua 001 0 eng
010 ## - LIBRARY OF CONGRESS CONTROL NUMBER
LC control number 95038760
040 ## - CATALOGING SOURCE
Original cataloging agency DLC
Transcribing agency DLC
Modifying agency DLC
050 00 - LIBRARY OF CONGRESS CALL NUMBER
Classification number HF 5691
Item number .H847 1997
082 00 - DEWEY DECIMAL CLASSIFICATION NUMBER
Classification number M 510.7
-- 7th ed.
Item number H83 1997
100 1# - MAIN ENTRY--PERSONAL NAME
Personal name Noble, Kathleen A.
245 10 - TITLE STATEMENT
Title How to Study Mathematics
Statement of responsibility, etc Noble, Kathleen A., Belden, Kim
Remainder of title College mathematics with business applications
250 ## - EDITION STATEMENT
Edition statement 7th ed.
260 ## - PUBLICATION, DISTRIBUTION, ETC. (IMPRINT)
Place of publication, distribution, etc Westerville, Ohio :
Name of publisher, distributor, etc Glencoe/McGraw-Hill,
Date of publication, distribution, etc c1997.
300 ## - PHYSICAL DESCRIPTION
Extent 14 p.
Dimensions 28 cm.
500 ## - GENERAL NOTE
General note Rev. ed. of: Mathematics for business / Kathleen N. Miller. 6th ed. c1988.
500 ## - GENERAL NOTE
General note Includes index.
521 ## - TARGET AUDIENCE NOTE
Target audience note
526 ## - STUDY PROGRAM INFORMATION NOTE
Reading level 1210L-1700L
541 ## - IMMEDIATE SOURCE OF ACQUISITION NOTE
-- 1
562 ## - COPY AND VERSION IDENTIFICATION NOTE
Number of copies For circulation. 1 coy available in the collection
650 #0 - SUBJECT ADDED ENTRY--TOPICAL TERM
Topical term or geographic name as entry element Business mathematics.
700 1# - ADDED ENTRY--PERSONAL NAME
Personal name Belden, Kim.
700 1# - ADDED ENTRY--PERSONAL NAME
Personal name Miller, Kathleen N.
Title of a work Mathematics for business.
906 ## - LOCAL DATA ELEMENT F, LDF (RLIN)
a 7
b cbc
c orignew
d 1
e ocip
f 19
g y-gencatlg
942 ## - ADDED ENTRY ELEMENTS (KOHA)
Source of classification or shelving scheme Library of Congress Classification
Koha item type Books
Call number prefix
Holdings
Withdrawn status Lost status Source of classification or shelving scheme Damaged status Home library Current library Shelving location Date acquired Source of acquisition Total Checkouts Full call number Barcode Date last seen Copy number Price effective from Koha item type
    Library of Congress Classification   College Library College Library Filipiniana Section 06/04/2013 Donation   HF 5691 .H847 1997 C5824 10/08/2018 1 06/04/2013 Books

How to Study Mathematics

APA

Noble K. A., Belden K. & Miller K. N. (1997). How to Study Mathematics. Westerville, Ohio: Glencoe/McGraw-Hill.

Chicago

Noble Kathleen A, Belden Kim and Miller Kathleen N. 1997. How to Study Mathematics. Westerville, Ohio: Glencoe/McGraw-Hill.

Harvard

Noble K. A., Belden K. and Miller K. N. (1997). How to Study Mathematics. Westerville, Ohio: Glencoe/McGraw-Hill.

MLA

Noble Kathleen A, Belden Kim and Miller Kathleen N. How to Study Mathematics. Westerville, Ohio: Glencoe/McGraw-Hill. 1997.

  • Place hold
  • Print
  • Cite
  • Add to your cart (remove)
  • Save record
    BIBTEX Dublin Core MARCXML MARC (non-Unicode/MARC-8) MARC (Unicode/UTF-8) MARC (Unicode/UTF-8, Standard) MODS (XML) RIS
  • More searches
    Search for this title in:
    Other Libraries (WorldCat) Other Databases (Google Scholar) Online Stores (Bookfinder.com) Open Library (openlibrary.org)

Exporting to Dublin Core...

SOUTHVILLE LIBRARY

Southville International School and Colleges Library

1281 Tropical Ave. Cor. Luxembourg St., BF Homes International, Las Pinas City

Tel. No. 8256374 / 252358 Loc. 117/146

Powered by Koha